000 00695cam a22002413a 4500
001 27787
003 PGUSA
005 20140828083612.0
008 090112s2009||||xxu|||||s|||||000 | eng d
040 _aPGUSA
_beng
042 _adc
050 4 _aHC
100 1 _aNearing, Scott,
_d1883-1983
245 1 4 _aThe American Empire
_h[electronic resource] /
_cScott Nearing
260 _bProject Gutenberg,
_c2009
506 _aPublic domain in the USA.
516 _aElectronic text
653 _aUnited States -- Economic conditions -- 1918-1945
653 _aUnited States -- History
830 0 _aProject Gutenberg
_v27787
856 4 0 _uhttp://www.gutenberg.org/ebooks/27787
942 _cEB
999 _c257042
_d257042